Normal view
MARC view
- F.T.D.
Entry Nombre Corporativo
001 - NÚMERO DE CONTROL
- campo de control: 51456
003 - IDENTIFICADOR DE NUMERO DE CONTROL
- campo de control: MX-MxUPN
005 - FECHA Y HORA DE LA ÜLTIMA TRANSACCIÓN
- campo de control: 20240508101032.0
008 - DATOS DE LONGITUD FIJA
- campo de control de longitud fija: 240322|| acn||aabn | a|a d
040 ## - FUENTE DE CATALOGACIÓN
- Agencia original de catalogación: MX-MxUPN
- Lenguaje de catalogación: spa
- Agencia transcribe: MX-MxUPN
110 2# - ENCABEZAMIENTO - NOMBRE CORPORATIVO
- Nombre corporativo o de jurisdicción como elemento de entrada : F.T.D.
370 ## - LUGAR ASOCIADO
- Fuente del término: BNM
- Associated country: España
372 ## - CAMPO DE ACTIVIDAD
- Fuente del término: BNM
- Field of activity: Educación
670 ## - FUENTE EN LA QUE SE LOCALIZARON DATOS
- Cita de la fuente : Autoridades BNM, 22 marzo 2024:
- Información localizada: (F.T.D.)
670 ## - FUENTE EN LA QUE SE LOCALIZARON DATOS
- Cita de la fuente : Lecciones de historia sagrada para uso de las primeras clases elementales: obrita ilustrada con numerosos grabados, 1923:
- Información localizada: portada (F.T.D.)
902 ## - CATALOGADOR
- Catalogador: MaríaRobles/220324
